Statistics for 駅名クイズ - 西鉄 ver.

Click here to take the quiz!

General Stats

  • This quiz has been taken 3 times
  • The average score is 25 of 75

Answer Stats

NumberAnswer% Correct
T01西鉄福岡(天神)
100%
T13西鉄二日市
100%
T28花畑
100%
T27西鉄久留米
100%
T50大牟田
100%
T13西鉄二日市
100%
D02太宰府
100%
NK01貝塚
100%
T02薬院
100%
T08桜並木
100%
T10白木原
67%
NK06香椎花園前
67%
T39西鉄柳川
67%
T44
67%
T29聖マリア病院前
67%
T03西鉄平尾
67%
T49新栄町
67%
T05大橋
67%
NK05西鉄香椎
67%
T22西鉄小郡
67%
T07雑餉隈
67%
A01甘木
67%
T14
67%
T09春日原
67%
D01西鉄五条
33%
T36八丁牟田
33%
T48西鉄銀水
33%
T47東甘木
33%
NK08和白
33%
A10学校前
33%
T45西鉄渡瀬
33%
NK04香椎宮前
33%
A09古賀茶屋
33%
NK10西鉄新宮
33%
T33三潴
33%
T04高宮
33%
T19三国が丘
33%
T06井尻
33%
T11下大利
33%
T12都府楼前
33%
T17筑紫
33%
T23端間
33%
T35大溝
0%
T16桜台
0%
A07大城
0%
A08北野
0%
NK02名島
0%
A11五郎丸
0%
T25宮の陣
0%
T15朝倉街道
0%
A05大堰
0%
NK03西鉄千早
0%
NK07唐の原
0%
NK09三苫
0%
A06金島
0%
A02馬田
0%
A04本郷
0%
T30津福
0%
T37蒲池
0%
T32大善寺
0%
T40徳益
0%
T41塩塚
0%
T42西鉄中島
0%
T43江の浦
0%
T31安武
0%
T46倉永
0%
A03上浦
0%
T26櫛原
0%
T25宮の陣
0%
T24味坂
0%
T21大保
0%
T20三沢
0%
T18津古
0%
T34犬塚
0%
T38矢加部
0%

Score Distribution

Percentile by Number Answered

Percent of People with Each Score

Your Score History

You have not taken this quiz